Statystyki dla NEFFEX - Wszystkie piosenki

Kliknij tutaj aby rozwiązać quiz!

Ogólne statystyki

  • Ten quiz został rozwiązany 8 razy
    (7 od ostatniego zresetowania)
  • Średni wynik to 12 z 151

Statystyki odpowiedzi

Tytuł piosenki% Poprawnych
Rumors
86%
Best Of Me
57%
Careless
57%
Cold
57%
Fight
57%
Fight Back
57%
Grateful
57%
Crown
43%
Never Give Up
43%
Dangerous
29%
Destiny
29%
Failure
29%
Light It Up
29%
Pro
29%
Soldier
29%
Unstoppable
29%
100
14%
Alive
14%
Are You Ok?
14%
BELIEVE
14%
Blow Up
14%
Bros B4 Hoes
14%
Can't Lose
14%
Dance Again
14%
Deep in the Game
14%
FOYF
14%
Greatest
14%
Home
14%
Hometown
14%
Life
14%
Lost Not Found
14%
Lost Within
14%
Make It
14%
Mirror
14%
Nightmare
14%
One Shot
14%
Party Like the 80s
14%
Play
14%
Pull Me Apart
14%
REVOLUTION
14%
Sober
14%
Things Are Gonna Get Better
14%
Time
14%
Tonight
14%
Trust Me
14%
When Everything Is Gone
14%
Who the Fuck Is Neffex?
14%
A Feeling
0%
All These Troughts
0%
Backstage
0%
Badass
0%
Bad Girls
0%
Baller
0%
Be Somebody
0%
BITE ME
0%
Blessed
0%
Broken Dreams
0%
Chance
0%
Climb
0%
Closer to Heaven
0%
Cold in the Water
0%
Comeback
0%
Coming for You
0%
Damn Gurl
0%
Deep Thoughs
0%
Don't Hate Me
0%
Dream Catcher
0%
Fade Away
0%
Fall Asleep
0%
First Time
0%
Flirt
0%
Forget'em
0%
Gibberish
0%
Go Hard
0%
Gossip
0%
GOT THIS
0%
Graveyard
0%
Hate It or Love It
0%
Head Down
0%
Hell Won't Take Me
0%
Here to Stay
0%
Hey Yeah
0%
Hope
0%
How's It Supposed to Feel
0%
Hungover
0%
Hype
0%
I'll Be Fine
0%
I'm Not Worth It
0%
It's Just Not Fair
0%
It's My Life
0%
I've Been Let Down
0%
I Wanna Play A Game
0%
Judge
0%
Keep Dreaming
0%
Let Me Down
0%
Lit
0%
Lose My Mind
0%
Memories
0%
Merry Litmas
0%
Messed Up
0%
Mind Reader
0%
Myself
0%
Mystify
0%
Never Hold Back
0%
New Beginnings
0%
Night Rider
0%
No Sleep
0%
NO TURING BACK
0%
Numb
0%
One of a Kind
0%
Primal
0%
Ready to Go
0%
R.I.P
0%
Roller Coaster
0%
Rollin' with the Devil
0%
Runaway
0%
Savage
0%
Save Me
0%
Scars
0%
Self Made
0%
So Fine
0%
SOMETHING YOU COULD NEVER OWN
0%
Sometimes
0%
Space
0%
Spartan
0%
Struggle
0%
Summertime
0%
Sunday
0%
Take Me Away
0%
Take Me Back Again
0%
Tell Me That I Can't
0%
THAT'S WHAT IT TAKES
0%
the answer
0%
The Show
0%
Till I Let Go
0%
Torn Apart
0%
Touch the Sky
0%
Trapped in a Nightmare
0%
Unavailable
0%
Want Me
0%
Watch Me
0%
We Could Do It All
0%
Welcome to the City
0%
What's Up
0%
When It Flows
0%
When I Was Young
0%
Without You
0%
With You
0%
Woah
0%
Worst Of You
0%
WOW
0%

Rozkład punktacji

Percentyl według liczby udzielonych odpowiedzi

Procent ludzi z każdym wynikiem

Twoja historia wyników

Nie rozwiązałeś tego quizu od ostatniego zresetowania